Beʼer-Shevaʻ : (Record no. 32881)

MARC details
000 -LEADER
fixed length control field 00627cam a22002171 4500
001 - CONTROL NUMBER
control field he 68000309
003 - CONTROL NUMBER IDENTIFIER
control field DLC
005 - DATE AND TIME OF LATEST TRANSACTION
control field 20260227111453.0
008 - FIXED-LENGTH DATA ELEMENTS--GENERAL INFORMATION
fixed length control field 841219s1967 is 000 0 heb
010 ## - LIBRARY OF CONGRESS CONTROL NUMBER
LC control number he 68000309
035 ## - SYSTEM CONTROL NUMBER
System control number (OCoLC)19195193
040 ## - CATALOGING SOURCE
Original cataloging agency DLC
Transcribing agency MH
Modifying agency DLC
042 ## - AUTHENTICATION CODE
Authentication code premarc
050 00 - LIBRARY OF CONGRESS CALL NUMBER
Classification number DS110.B35
Item number V5
100 1# - MAIN ENTRY--PERSONAL NAME
Personal name Vilnay, Zev,
Dates associated with a name 1900-
245 10 - TITLE STATEMENT
Title Beʼer-Shevaʻ :
Remainder of title ʻir avot u-vanim.
260 ## - PUBLICATION, DISTRIBUTION, ETC.
Place of publication, distribution, etc. [Jerusalem] :
Name of publisher, distributor, etc. Miśrad ha-ḥinukh ṿeha-tarbut, ha-Maḥlaḳah le-noʻar,
Date of publication, distribution, etc. [1967]
300 ## - PHYSICAL DESCRIPTION
Extent 99 p. :
Other physical details ill., maps ;
Dimensions 22 cm.
651 #0 - SUBJECT ADDED ENTRY--GEOGRAPHIC NAME
Geographic name Beersheba (Israel)
752 ## - ADDED ENTRY--HIERARCHICAL PLACE NAME
Country or larger entity Israel
City Jerusalem

No items available.

Powered by Koha